000
00318nam a22001337a 4500
008
170811b xxu||||| |||| 00| 0 eng d
020
_a
0471708232
041
_a
eng
080
_2
2ND
_a
51
100
_a
36
101
_a
MAT
245
_a
LINEAR STATISTICAL INFERENCE AND ITS APPLICATIONS
_c
RAO,C.R
942
_2
udc
_c
BK
999
_c
23211
_d
23211